Music Hall/Vaudeville Songs - Statistics

General Stats
  • This quiz has been taken 20 times
  • The average score is 7 of 15
Answer Stats
Hint Answer % Correct
It's A Long Way To Tipperary .... It's A Long Way To Go
100%
My Old Man ... Said Follow The Van
100%
I've Danced With A Man Who's Danced With A Girl Who's ..... Danced With The Prince Of Wales
67%
I Belong To Glasgow .... Dear Old Glasgow Town
67%
Burlington Bertie ....... From Bow
67%
She's Only A Bird In A ..... Gilded Cage
67%
The Boy I Love .... Is Up In The Gallery
67%
Hold Your Hand Out ..... You Naughty Boy
67%
Any Old Iron Any Old Iron .... Any Any Any Old Iron
33%
There's An Old Mill By The Stream .... Nellie Dean
33%
Who Were You With Last Night ... Under The Pale Moonlight
33%
There Was I ..... Waiting At The Church
33%
After The Ball Is Over .... After The Break Of Morn
0%
Take Me Out To The Ball Game ..... Take Me Out With The Crowd
0%
Down By The Old Mill Stream ..... Where I First Met You
0%
No matching quizzes found
Score Distribution
Percent of People with Each Score
Percentile by Number Answered
Your Score History
You have not taken this quiz